书目信息 |
| 题名: |
大野耐一的现场管理
|
|
| 作者: | 大野耐一 著 ;崔柳 译 | |
| 分册: | ||
| 出版信息: | 北京 机械工业出版社 2016.10 |
|
| 页数: | 15,171页 | |
| 开本: | 21cm | |
| 丛书名: | 精益思想丛书 | |
| 单 册: | ||
| 中图分类: | F431.364 | |
| 科图分类: | ||
| 主题词: | ||
| 电子资源: | ||
| ISBN: | 978-7-111-54933-8 | |
| 000 | 01167oam2 2200289 450 | |
| 001 | 0100003904 | |
| 005 | 20161018163128. | |
| 010 | @a978-7-111-54933-8@dCNY35.00 | |
| 100 | @a20161018d2016 em y0chiy50 ea | |
| 101 | 1 | @achi@cjpn |
| 102 | @aCN@b110000 | |
| 105 | @ay z 000yy | |
| 106 | @ar | |
| 200 | 1 | @a大野耐一的现场管理@Ada ye nai yi de xian chang guan li@e白金版@f(日)大野耐一著@g崔柳等译 |
| 210 | @a北京@c机械工业出版社@d2016.10 | |
| 215 | @a15,171页@d21cm | |
| 225 | 2 | @a精益思想丛书 |
| 305 | @a由株式会社日本能率协会管理中心授权出版 | |
| 330 | @a本书真实地展现了“丰田生产方式”的鼻祖大野耐一先生管理的核心理念,这也正是“丰田生产方式”产生的源头。所谓“大道至简”,这本朴实、易读的作品能够让我们更好地接近“丰田生产方式”的核心思想,更深刻地理解“丰田生产方式的DNA”:把必要的产品、必要的数量,在必要的时间,以最低的成本生产出来。 | |
| 333 | @a经济研究者 | |
| 410 | 0 | @12001 @a精益思想丛书 |
| 601 | 02 | @a丰田汽车公司@x工业企业管理@x生产管理@x经验 |
| 690 | @aF431.364@v5 | |
| 701 | 0 | @c(日)@a大野耐一@Ada ye nai yi@f(1912-)@4著 |
| 702 | 0 | @a崔柳@Acui liu@4译 |
| 801 | 0 | @aCN@c201701015 |
| 905 | @a河南城建学院图书馆@dF431.364@eD089-3 | |
| 大野耐一的现场管理:白金版/(日)大野耐一著/崔柳等译.-北京:机械工业出版社,2016.10 |
| 15,171页;21cm.-(精益思想丛书) |
| 使用对象:经济研究者 |
| ISBN 978-7-111-54933-8:CNY35.00 |
| 本书真实地展现了“丰田生产方式”的鼻祖大野耐一先生管理的核心理念,这也正是“丰田生产方式”产生的源头。所谓“大道至简”,这本朴实、易读的作品能够让我们更好地接近“丰田生产方式”的核心思想,更深刻地理解“丰田生产方式的DNA”:把必要的产品、必要的数量,在必要的时间,以最低的成本生产出来。 |
| ● |
| 相关链接 |
|
|
|
正题名:大野耐一的现场管理
索取号:F431.364/D089-3
 
预约/预借
| 序号 | 登录号 | 条形码 | 馆藏地/架位号 | 状态 | 备注 |
| 1 | 1362640 | 213626405 | 社科库409/409社科库 37排2列4层/ [索取号:F431.364/D089-3] | 在馆 | |
| 2 | 1362641 | 213626414 | 社科库409/409社科库 37排2列4层/ [索取号:F431.364/D089-3] | 在馆 |